Metod Monte-Karlo i smežnyje voprosy /

Na minha lista:
Detalhes bibliográficos
Autor principal: Jermakov, S.M (Author)
Formato: Livro
Idioma:russo
Publicado em: Moskva : Nauka, 1975
Edição:2. izd., dopoln.
Assuntos:
Tags: Adicionar Tag
Sem tags, seja o primeiro a adicionar uma tag!

MARC

LEADER 00000nam a22000003a 4500
001 stu200250
005 20150617230107.7
008 100301s1975----xxr-----------------rus-d
040 |a STU  |b slo 
041 0 |a rus 
044 |a xxr 
080 |a 519.245 
100 1 |a Jermakov, S.M  |4 aut 
245 1 |a Metod Monte-Karlo i smežnyje voprosy /  |c [aut.]S.M. Jermakov 
250 |a 2. izd., dopoln. 
260 |a Moskva :  |b Nauka,  |c 1975 
300 |a 471 s 
650 7 |a Metódy Monte-Carlo  |2 stusub 
996 |c V*10903/O-2807  |l VV7  |s P  |a 0  |w stu200250_0002 
996 |b E37177  |c E*37177  |l EE03  |s P  |a 0  |w stu200250_0003